000 00619nam a2200205Ii 4500
001 10142
003 CO-ViMGA
008 241108s9999||||xx |||||||||||||| ||und||
040 _aCO-ViMGA
_bspa
_erda
_cCO-ViMGA
041 0 _aunk
082 0 4 _a863-P349
100 1 _aJosé María Peman
_955593
245 1 0 _aVolaterias :
_bcuentos epigramáticos
264 1 _a[Lugar de publicación no identificado] : Gráfica Universal, 1932
300 _avolumen
336 _atext
_btxt
_2rdacontent
337 _aunmediated
_bn
_2rdamedia
338 _avolume
_bnc
_2rdacarrier
940 _aidficha_siabuc: 9914. -- ficha_no_siabuc:10142
999 _c53202
_d53202